The Morning Show Quiz - Apple TV - Statistics

General Stats
  • This quiz has been taken 6 times
  • The average score is 16 of 20
Answer Stats
Question Answer % Correct
How many episodes per season? 10
100%
In what year was season 1 released? 2019
100%
Which major sporting event is one of the topics of season 4? 2024 Paris Olympic Games
100%
On which platform is the series broadcast? Apple TV
100%
Who plays Cory Ellison, the CEO of the channel? Billy Crudup
100%
What role does Reese Witherspoon play? Bradley Jackson
100%
Who plays Alex Levy, the main character? Jennifer Aniston
100%
In season 3, which tech billionaire wants to buy the channel? Paul Marks
100%
Which actor plays Mitchel Kessler in season 1? Steve Carell
100%
Which fictional channel is at the heart of the series? UBA
100%
How many Emmys did Billy Crudup earn for his role as Cory Ellison? 2
83%
What scandal does season 1 trigger? Harcèlement sexuel
83%
Who joins the series in season 4 in the role of Céline Dumont? Marion Cotillard
83%
What movement is explored in season 1? #MeToo
83%
What role does Jeremy Irons play in season 4? Martin Levy
67%
Which theme dominates season 2? Health crisis
50%
Which channel does UBA merge with in season 4? NBN
50%
Which actor is ostened after season 2? Desean Terry
33%
Who is the showrunner of season 4? Charlotte Stoudt
17%
What is the real inspiration for Mitch Kessler? Matt Lauer
17%
No matching quizzes found
Score Distribution
Percent of People with Each Score
Percentile by Number Answered
Your Score History
You have not taken this quiz